Statistics for Countries by Clues #1

Click here to take the quiz!

General Stats

  • This quiz has been taken 28 times
  • The average score is 10 of 12

Answer Stats

CluesCountry% Correct
Kangaroos, boomerangs, didgeridoo, Ayer's Rock, Sydney Opera HouseAustralia
100%
Machu Picchu, llamas, LakeTiticaca, Andes mountainsPeru
100%
Potatoes, shamrocks, leprechauns, GuinesseIreland
96%
Fado, Cristiano Ronaldo,Port Wine, codfishPortugal
96%
World Cup, petroleum, Persian Gulf, Al JazeeraQatar
96%
Khmer , Angkor Wat, Pol PotCambodia
92%
Grand Prix, Riviera, yachts, Monte CarloMonaco
92%
Khachapuri, Black Sea, Tbilisi, Caucus MountainsGeorgia
88%
Magyar, paprika,thermal baths, goulashHungary
88%
Aphrodite's Rock, Zenobia Shipwreck, Haloumi CheeseCyprus
54%
Bananas, baseball, cigars, Punta CanaDominican Republic
54%
The Golden Man, Altai Mountains, oil, horsesKazakhstan
50%

Score Distribution

Percentile by Number Answered

Percent of People with Each Score

Your Score History

You have not taken this quiz